Szczegóły MARC21

Herman Hesse und die Psychoanalyse : "Kunst als Therapie" : Berichte und Referate : 9. Internationales Hermann-Hesse-Kolloquium in Calw 1997 /

003 -Nazwa inst., której nr kontr. jest w polu 001 [,]
    • @
    • Nazwa instytucji, której n kontrolny jest w polu 001
    • NUKAT
005 -DATA I CZAS OSTATNIEJ MODYFIKACJI [,]
    • @
    • pole kontrolne
    • 20241231095821.0
020 -Międzynarod. znormalizowany nr książki - ISBN [ , ]
    • a
    • Numer ISBN
    • 3921841577 Find
040 -Instytucja sporządzająca opis [ , ]
    • a
    • Instytucja, która sporządziła opis (NP)
    • SZCZ U/JS
    • b
    • Język katalogowania
    • pol
    • e
    • Zasady katalogowania
    • rda
    • c
    • Instytucja, która sporządziła rekord (NP)
    • SZCZ U/JSs
942 -Rodzaj dokumentu [ , ]
    • c
    • Rodzaj dokumentu
    • Książka
111 -Hasło główne - nazwa imprezy [2, ]
    • a
    • Nazwa imprezy (NP)
    • Internationales Hermann-Hesse-Kolloquium Find
    • n
    • Numer imprezy (P)
    • (9 ;
    • d
    • Data imprezy (NP)
    • 1997 ;
    • c
    • Miejsce imprezy (NP)
    • Calw).
    • 9
    • KHW
    • 637815
245 -Strefa tytułu i oznaczenia odpowiedzialności [1,0]
    • a
    • Tytuł
    • Herman Hesse und die Psychoanalyse : Find
    • b
    • Ciąg dalszy tytułu (NP)
    • "Kunst als Therapie" : Berichte und Referate : 9. Internationales Hermann-Hesse-Kolloquium in Calw 1997 / Find
    • c
    • Pozostałe elementy strefy tytułu i oznaczenia odpowiedzialności (NP)
    • Herausgegeben von Michael Limberg.
260 -Strefa adresu wydawniczego [ , ]
    • a
    • Miejsce wydania (P)
    • Bad Liebenzell ;
    • a
    • Miejsce wydania (P)
    • Calw :
    • b
    • Nazwa wydawcy (P)
    • Verlag Bernhard Gengenbach,
    • c
    • Data wydania (P)
    • 1997.
300 -Strefa opisu fizycznego [ , ]
    • a
    • Określenie formy książki i/lub objętość (NP)
    • 340 stron, [1] karta tablic kolorowych :
    • b
    • Oznaczenie ilustracji (NP)
    • ilustracje ;
    • c
    • Format (NP)
    • 21 cm.
336 -Typ zawartości [ , ]
    • a
    • Termin opisujący typ zawartości
    • Tekst
    • b
    • Kod określający zawartość
    • txt
    • 2
    • Źródło (terminu i kodu)
    • rdacontent
337 -Typ mediów [ , ]
    • a
    • Tryb odtwarzania
    • Bez urządzenia pośredniczącego
    • b
    • Kod typu mediów
    • n
    • 2
    • Źródło (terminu i kodu)
    • rdamedia
338 -Typ/rodzaj nośnika [ , ]
    • a
    • Hasło opisujące typ nośnika
    • Wolumin
    • b
    • Kod typu nośnika
    • nc
    • 2
    • Źródło (terminu i kodu)
    • rdacarrier
500 -Uwaga ogólna [ , ]
    • a
    • Uwaga ogólna (NP)
    • 9. Internationales Hermann-Hesse-Koloquium in Calw vom 8.-10. Mai 1997, Veranstalter: Große Kreisstadt Calw, Staatliche Akademie für Lehrerfortbildung GmbH, Internationaler Studienkreis Baden-Württemberg.
504 -Uwaga dot. bibliogr. załącznikowej [ , ]
    • a
    • Uwaga dot. bibliografii załącznikowej
    • Bibliografia przy niektórych referatach.
600 -Hasło przedmiotowe w formie nazwy osobowej [1,7]
    • a
    • Nazwa osobowa
    • Hesse, Hermann
    • d
    • Daty związane z nazwą
    • (1877-1962)
    • x
    • Określnik rzeczowy
    • psychologia.
    • 2
    • Źródło terminu
    • kaba
    • 9
    • KHW
    • 632347
700 -Hasło dodatkowe - nazwa osobowa [1, ]
    • a
    • Nazwa osobowa (NP)
    • Limberg, Michael Find
    • d
    • Daty biograficzne (NP)
    • (1944- ).
    • e
    • Określenie rodzaju współpracy
    • Redakcja
    • 9
    • KHW
    • 637814
920 -ISBN [ , ]
    • a
    • ISBN
    • 3-921841-57-7 Find
Data inwentaryzacji Lokalizacja Status udost. Numer inwentarzowy Sygnatura
2002-03-27BM-3G.16460Germ. Literaturozn. - Hesse 04